[Event "Politiken Cup"]
[Site "Copenhagen"]
[Date "1998.07.12"]
[Round "8"]
[White "Bjarnehag, Peter"]
[Black "Hansen, Sune Berg"]
[Result "0-1"]
[WhiteElo "2290"]
[BlackElo "2480"]

1.Nf3 c5 2.c4 Nf6 3.Nc3 e6 4.g3 b6 5.Bg2 Bb7 6.O-O a6 7.d4 cxd4 8.Qxd4 d6
9.Rd1 Be7 10.Bg5 Nbd7 11.Qd2 O-O 12.Bf4 Ne8 13.e4 Qc7 14.Rac1 Rc8 15.b3 Qb8
16.h3 Qa8 17.Qe2 h6 18.h4 Qb8 19.Qd2 Rd8 20.Ne1 Ne5 21.Be3 Bc6 22.Qe2 Nf6
23.Nc2 Rc8 24.Nb4 Bb7 25.Nd3 Ned7 26.Nf4 Qa8 27.Bd2 Nc5 28.Re1 Rfe8 29.Rcd1 Bf8
30.Nh5 Nh7 31.Qg4 Nd3 32.Re3 Ne5 33.Qh3 g6 34.Nf4 Nf6 35.Nd3 Ned7 36.Qh1 h5
37.Re2 Ng4 38.Bf4 b5 39.Nb2 Bg7 40.Bd2 Nb6 41.f3 Ne5 42.Be1 Red8 43.Kh2 bxc4
44.Qg1 Rc6 45.Qe3 cxb3 46.axb3 d5 47.exd5 exd5 48.Nca4 d4 49.Qg5 Nxa4 50.Nxa4 Re6
51.Nc5 Ng4+ 52.fxg4 Rxe2 53.Nxb7 Qxb7  0-1

[Event "RUS-Cup07"]
[Site "Tomsk"]
[Date "1998.07.17"]
[Round "3"]
[White "Tregubov, Pavel V"]
[Black "Fominyh, Alexander"]
[Result "1/2-1/2"]
[WhiteElo "2560"]
[BlackElo "2530"]

1.c4 Nf6 2.Nf3 c5 3.Nc3 b6 4.e3 e6 5.d4 cxd4 6.exd4 d5 7.cxd5 Nxd5 8.Ne5 a6
9.Qa4+ Bd7 10.Nxd7 Nxd7 11.Nxd5 exd5 12.Be2 b5 13.Qb3 Nb6 14.O-O Be7 15.Bf4 O-O
16.Qf3 Nc4 17.b3 Nd6 18.Be5 g6 19.Bd3 Ne4 20.Qg4 Nc3 21.a4 b4 22.a5 Ra7 23.Rfe1 f5
24.Qh3 Bg5 25.f4 Bf6 26.Qe3 Ne4 27.Qe2 Nc3 28.Qd2 Re8 29.Bxf6 Rxe1+ 30.Qxe1 Qxf6
31.Qe5 Qd8 32.Re1 Ne4 33.Qe6+ Kg7 34.Qe5+ Nf6 35.h3 Qc8 36.Qd6 Qc3 37.Re7+ Rxe7
38.Qxe7+ Kg8 39.Qxf6 Qxd3 40.Qe6+  1/2-1/2

[Event "Bad Homburg"]
[Site "Bad Homburg"]
[Date "1998.07.18"]
[Round "2"]
[White "Hort, Vlastimil"]
[Black "Larsen, Bent"]
[Result "1-0"]
[WhiteElo "2510"]
[BlackElo "2515"]

1.Nf3 Nf6 2.c4 c5 3.Nc3 g6 4.d4 cxd4 5.Nxd4 Nc6 6.e4 Bg7 7.Nc2 d6 8.Be2 Nd7
9.Bd2 O-O 10.O-O Nc5 11.b3 a5 12.f3 f5 13.exf5 Bxf5 14.Ne3 a4 15.Nxf5 gxf5
16.Rb1 axb3 17.axb3 Kh8 18.Kh1 Nd4 19.b4 Na4 20.Nxa4 Nxe2 21.Qxe2 Rxa4 22.Bg5 Bf6
23.Bxf6+ Rxf6 24.Rfe1 Rf7 25.c5 dxc5 26.bxc5 Qd4 27.Rbd1 Qxc5 28.Rd8+ Kg7
29.Qb2+ Kh6 30.Re6+ Kh5 31.g4+ Kh4 32.Rh6+ Kg5 33.Qd2+  1-0

[Event "RUS-Cup07"]
[Site "Tomsk"]
[Date "1998.07.21"]
[Round "7"]
[White "Belozerov, Andrei"]
[Black "Vekshenkov, Nikolai"]
[Result "1-0"]
[WhiteElo "2460"]
[BlackElo "2330"]

1.Nf3 c5 2.c4 Nf6 3.Nc3 e6 4.g3 d5 5.cxd5 exd5 6.d4 Nc6 7.Bg2 Be7 8.O-O O-O
9.dxc5 Bxc5 10.Bg5 d4 11.Bxf6 Qxf6 12.Nd5 Qd8 13.Nd2 Re8 14.Nb3 Bf8 15.Rc1 Bf5
16.Nxd4 Nxd4 17.Qxd4 Rxe2 18.Bf3 Rc2 19.Qf4 Rxc1 20.Rxc1 Rc8 21.Nc3 Be6 22.Bxb7 Rb8
23.Rd1 Qe8 24.Bc6 Qc8 25.Bd7 Bxd7 26.Rxd7 Qxd7 27.Qxb8 g6 28.Qb5 Qe6 29.Kg2 h6
30.Qd5 Qc8 31.Ne4 Bg7 32.b4 Qc7 33.a4 Kh7 34.h4 f5 35.Nc5 Bc3 36.b5 Ba5 37.h5 Bb6
38.hxg6+ Kxg6 39.Qe6+ Kg7 40.Nd7 Qc2 41.Qf6+ Kh7 42.Qe7+ Kh8 43.Qe8+ Kg7
44.Nxb6 axb6 45.Qd7+ Kf8 46.Qc6 Qxa4 47.Qxh6+ Kf7 48.Qxb6 f4 49.Qc7+ Kg8
50.Qd8+ Kf7 51.Qd5+ Kg6 52.Qd6+ Kh7 53.Qe7+ Kg6 54.Qe6+ Kh7 55.Qf5+ Kg7 56.gxf4  1-0

[Event "RUS-ch51"]
[Site "St Petersburg"]
[Date "1998.07.28"]
[Round "1"]
[White "Zvjaginsev, Vadim"]
[Black "Ionov, Sergey"]
[Result "1/2-1/2"]
[WhiteElo "2650"]
[BlackElo "2545"]

1.c4 Nf6 2.Nc3 c5 3.Nf3 d5 4.cxd5 Nxd5 5.d4 Nxc3 6.bxc3 g6 7.Bf4 Bg7 8.e3 Qa5
9.Qd2 O-O 10.Rb1 b6 11.Be5 Ba6 12.Bxa6 Qxa6 13.dxc5 Nc6 14.Bxg7 Kxg7 15.Qe2 Qa3
16.cxb6 Qxc3+ 17.Qd2 Qxd2+  1/2-1/2

[Event "Budapest FS08 ELO"]
[Site "Budapest"]
[Date "1998.08.03"]
[Round "3"]
[White "Oparaugo, Thomas"]
[Black "Ritter, Gabor"]
[Result "0-1"]
[WhiteElo "2040"]
[BlackElo "2200"]

1.Nf3 c5 2.c4 Nf6 3.Nc3 g6 4.g3 b6 5.Bg2 Bb7 6.O-O Bg7 7.Re1 O-O 8.e4 d6
9.d4 cxd4 10.Nxd4 Qd7 11.f4 Rd8 12.Kh1 Nc6 13.Nxc6 Bxc6 14.Be3 Qb7 15.Qf3 Rac8
16.Rad1 Nxe4 17.Nxe4 f5 18.Qf2 Bxe4 19.b3 Bxg2+ 20.Qxg2 Qxg2+ 21.Kxg2 Kf7
22.Kf3 Rc6 23.Bf2 Bc3 24.Re2 Bf6 25.Red2 a6 26.a4 Rb8 27.Rd5 Bc3 28.R5d3 Bb4
29.Rc1 b5 30.axb5 axb5 31.Rd5 bxc4 32.bxc4 Rbc8 33.Rb5 Rxc4 34.Rxc4 Rxc4
35.Rb7 Bc3 36.Ke2 Bf6 37.Kd3 Rc3+ 38.Kd2 Ra3 39.Rb2 Ra5 40.Ke1 Ke6 41.Rb7 Kd5  0-1

[Event "RUS-ch51"]
[Site "St Petersburg"]
[Date "1998.08.03"]
[Round "7"]
[White "Poluljahov, Aleksandr"]
[Black "Ulibin, Mikhail"]
[Result "1-0"]
[WhiteElo "2530"]
[BlackElo "2555"]

1.c4 c5 2.Nf3 Nf6 3.Nc3 e6 4.g3 b6 5.Bg2 Bb7 6.O-O d6 7.Re1 Be7 8.e4 a6 9.d4 cxd4
10.Nxd4 Qc7 11.Be3 O-O 12.Rc1 Re8 13.f4 Bf8 14.f5 h6 15.g4 Nbd7 16.fxe6 fxe6
17.g5 hxg5 18.Bxg5 Nh7 19.Bh4 Ne5 20.Rf1 Bc8 21.Bh3 Qxc4 22.Nd5 exd5 23.Rxc4 Bxh3
24.Rc7 Bxf1 25.Kxf1 dxe4 26.Nf5 Rac8 27.Rxc8 Rxc8 28.Nxd6 Bxd6 29.Qxd6 Nf7
30.Qe6 Rc1+ 31.Ke2 Nf8 32.Qxe4 Rc5 33.Bg3 Rb5 34.b3 a5 35.Qc6 Rc5 36.Qxb6 Rc2+
37.Kd3 Rxa2 38.Qb5 Ne6 39.Kc3 g6 40.Qe8+ Nf8 41.Bc7 Ng5 42.Qe5 Nf7 43.Qb5 Kg7
44.h4 Ne6 45.Bxa5 Rc2+ 46.Kd3 Rc5 47.Bc3+ Kh6 48.Qe8 Nf4+ 49.Kc2 Rf5 50.b4 Nd5
51.b5 Nxc3 52.Kxc3 Rf3+ 53.Kd2 Kg7 54.b6 Rb3 55.Qc6 Ne5 56.Qc7+ Kf6 57.b7  1-0

[Event "MK Cafe Cup-A"]
[Site "Koszalin"]
[Date "1998.08.04"]
[Round "2"]
[White "Volzhin, Alexander"]
[Black "Pieniazek, Artur"]
[Result "1-0"]
[WhiteElo "2530"]
[BlackElo "2400"]

1.Nf3 Nf6 2.c4 e6 3.Nc3 c5 4.g3 b6 5.Bg2 Bb7 6.O-O Be7 7.b3 O-O 8.Bb2 d5
9.e3 dxc4 10.bxc4 Nbd7 11.Qe2 Rc8 12.Rfd1 Re8 13.d3 Qc7 14.a4 a6 15.Rab1 Nb8
16.Ba1 Nc6 17.Ne1 Nb4 18.Bxb7 Qxb7 19.g4 Red8 20.g5 Ne8 21.f4 Rd7 22.Rd2 Rcd8
23.Rbd1 Bf8 24.Kf2 Nd6 25.Nf3 Nc6 26.Rg1 b5 27.axb5 axb5 28.cxb5 Nxb5 29.Ne4 Kh8
30.h4 Rd5 31.h5 Qd7 32.h6 Rxd3 33.Rgd1 c4 34.hxg7+ Bxg7 35.Bxg7+ Kxg7 36.Rxd3 cxd3
37.Qb2+ e5 38.Qxb5 exf4 39.exf4 Qa7+ 40.Kg3 Ne7 41.Qe5+  1-0

[Event "RUS-ch51"]
[Site "St Petersburg"]
[Date "1998.08.04"]
[Round "8"]
[White "Loginov, Valery A"]
[Black "Ulibin, Mikhail"]
[Result "1-0"]
[WhiteElo "2520"]
[BlackElo "2555"]

1.Nf3 Nf6 2.c4 c5 3.Nc3 e6 4.g3 b6 5.Bg2 Bb7 6.O-O Be7 7.Re1 d6 8.e4 a6 9.d4 cxd4
10.Nxd4 Qc7 11.Be3 O-O 12.Rc1 Re8 13.f4 Nbd7 14.f5 e5 15.Nd5 Qd8 16.Nb3 Rc8
17.Bf3 b5 18.Nxe7+ Qxe7 19.cxb5 Rxc1 20.Bxc1 axb5 21.Qd3 Rb8 22.Bg2 b4 23.h3 d5
24.exd5 Qd6 25.Kh2 Bxd5 26.Rd1 e4 27.Qd4 Qf8 28.Bf4 Rc8 29.g4 Rc2 30.Rd2 Rc4
31.Qa7 h6 32.Qa6 Qc8 33.Qd6 Ba8 34.Be3 Qc6 35.Qe7 Qc8 36.Nd4  1-0

[Event "RUS-ch51"]
[Site "St Petersburg"]
[Date "1998.08.05"]
[Round "9"]
[White "Poluljahov, Aleksandr"]
[Black "Dvoirys, Semen I"]
[Result "1-0"]
[WhiteElo "2530"]
[BlackElo "2585"]

1.Nf3 c5 2.c4 Nf6 3.Nc3 e6 4.g3 b6 5.Bg2 Bb7 6.O-O Be7 7.b3 d5 8.e3 O-O 9.Bb2 Ne4
10.cxd5 exd5 11.d4 Nd7 12.Rc1 Bf6 13.dxc5 Ndxc5 14.b4 Ne6 15.Qb3 Qe7 16.Rfd1 Rad8
17.h4 g6 18.Nb5 a6 19.Nbd4 Rc8 20.a3 b5 21.a4 Nxd4 22.Nxd4 bxa4 23.Qxa4 Rxc1
24.Rxc1 Nxg3 25.Rc2 Ne4 26.h5 Qd6 27.Qb3 Ra8 28.b5 a5 29.Qa4 Be5 30.Qa1 a4
31.Nc6 Bxb2 32.Qxb2 a3 33.Qa1 Qf6 34.Nd4 Bc8 35.Ra2 Qd6 36.h6 f6 37.Nc2 Qf8
38.Rxa3 Rxa3 39.Nxa3 Qxh6 40.b6 Qf8 41.Qc1 Bb7 42.Qc7 Qxa3 43.Qb8+  1-0

[Event "Eikrem mem"]
[Site "Gausdal"]
[Date "1998.08.06"]
[Round "6"]
[White "Akesson, Ralf"]
[Black "Lehtivaara, Petri"]
[Result "1-0"]
[WhiteElo "2510"]
[BlackElo "2365"]

1.Nf3 Nf6 2.c4 e6 3.Nc3 c5 4.g3 b6 5.Bg2 Bb7 6.O-O Be7 7.Re1 O-O 8.e4 d6
9.d4 cxd4 10.Nxd4 Qc8 11.Be3 Nc6 12.Nxc6 Bxc6 13.Rc1 Qd7 14.f4 Rac8 15.g4 Qb7
16.Bf2 Rfe8 17.g5 Nd7 18.Nd5 Nc5 19.Nxe7+ Rxe7 20.Qe2 a5 21.Rc3 f5 22.gxf6 gxf6
23.b3 Rg7 24.Rg3 Rd8 25.a3 e5 26.Qe3 f5 27.fxe5 dxe5 28.exf5 Bxg2 29.f6 Rg6
30.Rxg6+ hxg6 31.Qg5 Kf7 32.Rxe5 Rd1+ 33.Be1 Ne6 34.Qg4 Qd7 35.Kxg2 Rd4 36.Qf3 Nf4+
37.Kf1 Kxf6 38.Rb5 Qd6 39.Bc3 g5 40.Rd5  1-0

[Event "RUS-ch51"]
[Site "St Petersburg"]
[Date "1998.08.06"]
[Round "10"]
[White "Shchekachev, Andrei"]
[Black "Shipov, Sergei"]
[Result "0-1"]
[WhiteElo "2560"]
[BlackElo "2635"]

1.c4 Nf6 2.Nc3 c5 3.Nf3 e6 4.e4 Nc6 5.Be2 Qc7 6.d4 cxd4 7.Nxd4 Nxd4 8.Qxd4 Bc5
9.Qd3 a6 10.O-O Be7 11.f4 d6 12.b3 Bd7 13.Qg3 O-O 14.Kh1 Bc6 15.Bb2 Rad8
16.Rae1 b6 17.Bd3 Qb7 18.Qh3 h6 19.Re3 Kh8 20.Rg3 Rg8 21.e5 Nh7 22.Qh5 dxe5
23.Bxh7 Kxh7 24.Qxf7 Bf6 25.Qg6+ Kh8 26.Rh3 Rgf8 27.fxe5 Bg5 28.Rg1 Bxg2+  0-1

[Event "BCF-ch"]
[Site "Torquay"]
[Date "1998.08.06"]
[Round "10"]
[White "Conquest, Stuart"]
[Black "Kelly, Bryan"]
[Result "1-0"]
[WhiteElo "2480"]
[BlackElo "2390"]

1.c4 c5 2.Nf3 Nf6 3.Nc3 e6 4.g3 b6 5.Bg2 Bb7 6.O-O Be7 7.Re1 O-O 8.e4 d6
9.d4 cxd4 10.Nxd4 Qc8 11.b3 a6 12.Bb2 Nbd7 13.Rc1 Re8 14.f4 Nf8 15.b4 Qc7
16.e5 dxe5 17.fxe5 N6d7 18.Nd5 exd5 19.cxd5 Qb8 20.Nc6 Bxc6 21.dxc6 Nc5 22.c7 Qxc7
23.Bxa8 Rxa8 24.bxc5 Bxc5+ 25.Kg2 Rd8 26.Qf3 Rd2+ 27.Re2 Qd8 28.h4 a5 29.Bc3 Rxe2+
30.Qxe2 Qd5+ 31.Kh2 a4 32.Rd1 Qc6 33.Bd4 Ne6 34.Bxc5 Qxc5 35.Rd7 Qc6 36.Rd6 Qc5
37.Rd7 Qc6 38.Ra7 h6 39.Qf2 Nc7 40.Qf5 Qc4 41.Rb7 Ne8 42.Qf2 Qd5 43.Re7 Kf8
44.Ra7 b5 45.Qe2 Kg8 46.a3 Kf8 47.Qb2 h5 48.Qb4+ Kg8 49.Qe7 Qd2+ 50.Kh3 Qd1
51.Qxe8+ Kh7 52.Qc6  1-0

[Event "MK Cafe Cup-A"]
[Site "Koszalin"]
[Date "1998.08.07"]
[Round "5"]
[White "Radziewicz, Iweta"]
[Black "Cyborowski, Lukasz"]
[Result "1/2-1/2"]
[WhiteElo "2425"]
[BlackElo "2390"]

1.Nf3 Nf6 2.c4 c5 3.Nc3 b6 4.e4 d6 5.Be2 Bb7 6.d3 e6 7.O-O Be7 8.Ne1 Nbd7
9.f4 a6 10.Bf3 Qc7 11.Bd2 Bc6 12.Qe2 O-O 13.a4 Rab8 14.Nc2 Qc8 15.d4 cxd4
16.Nxd4 Bb7 17.Kh1 Qc5 18.Be3 Qc7 19.f5 Ne5 20.fxe6 Qxc4 21.exf7+ Rxf7 22.Bg1 Qxe2
23.Bxe2 b5 24.axb5 axb5 25.Bxb5 Nxe4 26.Rxf7 Kxf7 27.Ra7  1/2-1/2

[Event "MK Cafe Cup-A"]
[Site "Koszalin"]
[Date "1998.08.08"]
[Round "6"]
[White "Umanskaya, Irina"]
[Black "Gipslis, Aivars"]
[Result "1/2-1/2"]
[WhiteElo "2325"]
[BlackElo "2450"]

1.Nf3 Nf6 2.c4 c5 3.Nc3 e6 4.g3 b6 5.Bg2 Bb7 6.O-O Be7 7.d4 cxd4 8.Qxd4 O-O
9.Rd1 Nc6 10.Qf4 Qb8 11.Qxb8 Raxb8 12.Bf4 Rbc8 13.Ne5 d6 14.Nxc6 Bxc6 15.Bxd6 Bxd6
16.Rxd6 Bxg2 17.Kxg2 Rxc4 18.Rad1 g5 19.h3  1/2-1/2

[Event "Hampstead Rated3"]
[Site "Hampstead"]
[Date "1998.08.16"]
[Round "2"]
[White "Paci, Cedric"]
[Black "Warman, Simon"]
[Result "0-1"]
[WhiteElo "2140"]
[BlackElo "1832"]

1.Nf3 c5 2.c4 Nf6 3.Nc3 e6 4.d4 cxd4 5.Nxd4 a6 6.g3 d5 7.Bg2 Nc6 8.O-O Bb4
9.Nc2 Bxc3 10.bxc3 O-O 11.Ba3 Re8 12.Ne3 Qa5 13.Qb3 Ne4 14.Bb4 Nxb4 15.cxb4 Qd8
16.Rad1 Qf6 17.cxd5 Nc3 18.Rd2 exd5 19.Nxd5 Nxd5 20.Qxd5 Bg4 21.Qxb7 Rab8
22.Qc7 Rxb4 23.Rd6 Qb2 24.Rfd1 Bxe2 25.Rd8 Rb8 26.Bd5 Rbxd8 27.Bxf7+ Kf8
28.Bd5 Rxd5  0-1

[Event "Wch (Men) U26"]
[Site "Rotterdam"]
[Date "1998.08.16"]
[Round "5"]
[White "Jirovsky, Milos"]
[Black "Wiersma, Eelke"]
[Result "1-0"]
[WhiteElo "2435"]
[BlackElo "2355"]

1.Nf3 Nf6 2.c4 c5 3.Nc3 g6 4.e3 Bg7 5.d4 cxd4 6.exd4 O-O 7.Be2 d5 8.O-O Nc6
9.h3 dxc4 10.Bxc4 b6 11.a3 Na5 12.Ba2 Ba6 13.Re1 Rc8 14.Ne5 Nd7 15.Bg5 Nxe5
16.dxe5 Bc4 17.Bxc4 Rxc4 18.Qxd8 Rxd8 19.Bxe7 Rd2 20.Ne4 Rxb2 21.Nf6+ Kh8
22.Rad1 Rc8 23.Rd7 Rbc2 24.Bd6 Nc4 25.Rxf7 Nxd6 26.exd6 Rc1 27.Kf1 Rxe1+
28.Kxe1 Rd8 29.Ne4 Bf8 30.Rxa7 Re8 31.Kf1 Rxe4 32.Ra8 Rd4 33.Rxf8+ Kg7 34.Rd8  1-0

[Event "Mislata op7th"]
[Site "Valencia"]
[Date "1998.08.17"]
[Round "5.2"]
[White "Spassov, Liuben"]
[Black "Kovacevic, Slobodan"]
[Result "1/2-1/2"]
[WhiteElo "2440"]
[BlackElo "2420"]

1.Nf3 c5 2.c4 Nf6 3.Nc3 e6 4.g3 b6 5.Bg2 Bb7 6.O-O d6 7.d4 cxd4 8.Qxd4 a6
9.Rd1 Nbd7 10.Ng5 Bxg2 11.Kxg2 Rc8 12.Nge4 Rc6 13.b3 Be7 14.Ba3 Nc5 15.Nxc5 bxc5
16.Qf4 O-O 17.Bb2 Qc8 18.Rd2 Rd8 19.Rad1 Rc7 20.Kg1 Rcd7 21.Qf3 Qc7 22.h3 Qc8
23.Qg2 h6 24.Kh2 Qc7 25.f4 Rc8 26.Qf3 Rdd8 27.e3 Rd7 28.Kh1 Rcd8 29.g4 Nh7
30.Ne4  1/2-1/2

[Event "ESP-ch"]
[Site "Linares"]
[Date "1998.08.20"]
[Round "9"]
[White "Villavicencio, Adalberto"]
[Black "Martos Exposito, Manuel"]
[Result "1-0"]
[WhiteElo "2320"]
[BlackElo "2125"]

1.Nf3 c5 2.c4 Nf6 3.Nc3 g6 4.e4 Bg7 5.d4 d6 6.d5 b5 7.cxb5 a6 8.a4 O-O 9.b6 Qxb6
10.a5 Qb4 11.Ra4 Qb7 12.Bc4 Bd7 13.Ra3 Bg4 14.h3 Bxf3 15.Qxf3 Nbd7 16.Qe2 Rfb8
17.O-O Ne8 18.Na4 Qc8 19.f4 Nc7 20.e5 Nb5 21.e6 Nxa3 22.bxa3 fxe6 23.dxe6 Nf6
24.Nb6 Rxb6 25.axb6 Qc6 26.f5 Rd8 27.fxg6 hxg6 28.Bd3 Qxb6 29.Bxg6 d5 30.Rxf6 Bxf6
31.Qh5 Qxe6 32.Qh7+  1-0

[Event "Recklinghauser Schachtage"]
[Site "Recklinghausen"]
[Date "1998.08.30"]
[Round "6"]
[White "Siegel, Georg"]
[Black "Alterman, Boris"]
[Result "0-1"]
[WhiteElo "2540"]
[BlackElo "2615"]

1.Nf3 Nf6 2.c4 c5 3.Nc3 d5 4.cxd5 Nxd5 5.e3 Nxc3 6.bxc3 g6 7.h4 Bg7 8.h5 Nc6
9.Qa4 Qa5 10.Qb3 Qc7 11.Rb1 Na5 12.Bb5+ Kf8 13.Qc2 c4 14.Ba4 a6 15.Qd1 Bg4
16.h6 Bf6 17.Bc2 Rd8 18.Qe2 Qc5 19.a4 Rd5 20.e4 Rh5 21.Rxh5 gxh5 22.Kf1 h4
23.e5 Bxf3 24.Qxf3 Bxe5 25.Be4 Qd6 26.Bxb7 Nxb7 27.Rxb7 Qxh6 28.Ra7 Qg6 29.Qe3 Qf6
30.Qe4 h5 31.Ra8+ Kg7 32.Rxh8 Kxh8 33.Qxc4 Kg7 34.Qd5 Qf4 35.a5 e6 36.Qd3 Qa4
37.Qe4  0-1

[Event "Karl Wagner mem 5th"]
[Site "Graz"]
[Date "1998.09.06"]
[Round "2.1"]
[White "Eingorn, Vereslav S"]
[Black "Krumpacnik, Domen"]
[Result "1-0"]
[WhiteElo "2610"]
[BlackElo "2380"]

1.c4 Nf6 2.Nf3 c5 3.Nc3 g6 4.d4 cxd4 5.Nxd4 Bg7 6.e4 d6 7.Be2 O-O 8.O-O Nc6
9.Be3 Nxd4 10.Bxd4 Be6 11.Qd2 Qa5 12.Rfd1 Rfc8 13.b3 Nd7 14.Nd5 Qd8 15.Bxg7 Kxg7
16.Qd4+ Kg8 17.Nc3 Qb6 18.Qxb6 Nxb6 19.f4 f6 20.e5 dxe5 21.fxe5 f5 22.Bf3 Rc7
23.Rd4 Kf7 24.Rad1 Nd7 25.Nd5 Rcc8 26.Nf4 Rc7 27.Bd5 Nf8 28.Nxe6 Nxe6 29.g4 a5
30.gxf5 gxf5 31.Rh4 Rg8+ 32.Kf2 Rg6 33.Rg1  1-0

[Event "CRO-chT"]
[Site "Porec"]
[Date "1998.09.10"]
[Round "5"]
[White "Lalic, Bogdan"]
[Black "Shariyazdanov, Andrey"]
[Result "1/2-1/2"]
[WhiteElo "2560"]
[BlackElo "2530"]

1.c4 Nf6 2.Nc3 c5 3.Nf3 e6 4.g3 b6 5.Bg2 Bb7 6.O-O Be7 7.d4 cxd4 8.Qxd4 O-O
9.Rd1 d6 10.b3 Nbd7 11.Bb2 a6 12.e4 Qc7 13.h3 Rfd8 14.Qe3 Rac8 15.Nd4 Bf8
16.Rac1 Qb8 17.g4 h6 18.Nde2  1/2-1/2

[Event "Politiken zt"]
[Site "Munkebo"]
[Date "1998.09.14"]
[Round "2.2"]
[White "Petursson, Margeir"]
[Black "Akesson, Ralf"]
[Result "1/2-1/2"]
[WhiteElo "2555"]
[BlackElo "2510"]

1.c4 c5 2.Nf3 Nf6 3.Nc3 e6 4.g3 b6 5.Bg2 Bb7 6.O-O Be7 7.Re1 Ne4 8.d4 Nxc3
9.bxc3 Be4 10.Bh3 Bxf3 11.exf3 cxd4 12.cxd4 O-O 13.f4 Nc6 14.Be3 Na5 15.Rc1 Rc8
16.Qa4 g6 17.Bg2 Qc7 18.c5 d5 19.cxd6 Qxd6 20.Qb5 Qb4 21.Qd7 Nc4 22.Rb1 Qa3
23.Bc1 Qxa2 24.Rb5 a6 25.Qxe7 axb5 26.f5 Rfe8 27.Qf6 Nd2 28.fxg6 hxg6 29.h4 Rc2
30.d5 Rxc1 31.Rxc1 exd5 32.Rc7 d4 33.Qxd4 Qb1+ 34.Kh2 Nc4 35.Bc6 Ne5 36.Qf4 Qc2
37.Kg2 Qc5 38.Qf6 Rf8 39.Kg1 Ng4 40.Qf4 Ne5 41.Qf6 Ng4 42.Qf3 Ne5 43.Qf6  1/2-1/2

[Event "CRO-chT"]
[Site "Porec"]
[Date "1998.09.15"]
[Round "9"]
[White "Muhvic, Damir"]
[Black "Bozinovic, Bogdan"]
[Result "1/2-1/2"]
[WhiteElo "2215"]
[BlackElo "2260"]

1.Nf3 Nf6 2.c4 e6 3.Nc3 c5 4.g3 b6 5.Bg2 Bb7 6.O-O a6 7.d4 cxd4 8.Qxd4 d6
9.Rd1 Nbd7 10.b3 Be7 11.Bb2 O-O 12.Ng5 Bxg2 13.Kxg2 Qc7  1/2-1/2

[Event "Elista ol (Men)"]
[Site "Elista"]
[Date "1998.09.30"]
[Round "2"]
[White "Makarov, Marat"]
[Black "Marin, Mihail"]
[Result "1/2-1/2"]
[WhiteElo "2530"]
[BlackElo "2530"]

1.Nf3 Nf6 2.c4 c5 3.Nc3 e6 4.e4 Nc6 5.Be2 a6 6.O-O Qc7 7.d4 cxd4 8.Nxd4 Bb4
9.Bg5 Bxc3 10.Bxf6 gxf6 11.bxc3 d6 12.Nxc6 Qxc6 13.Rb1 Ke7 14.Qd4 Bd7 15.Rfd1 Qc7
16.f4 Rad8 17.Bf3 Bc8 18.Be2 Bd7 19.Qb6 Qxb6+ 20.Rxb6 Bc6 21.Bf3 Rd7 22.Kf2 Rc8
23.Rdb1 f5 24.exf5 Bxf3 25.Kxf3 Rxc4 26.Rxb7 Rxc3+ 27.Kg4  1/2-1/2

[Event "Elista ol (Men)"]
[Site "Elista"]
[Date "1998.10.02"]
[Round "4"]
[White "Kengis, Edvins"]
[Black "Guseinov, Aidyn"]
[Result "1/2-1/2"]
[WhiteElo "2570"]
[BlackElo "2510"]

1.Nf3 Nf6 2.c4 e6 3.Nc3 c5 4.g3 b6 5.Bg2 Bb7 6.O-O Be7 7.Re1 d6 8.e4 Nc6
9.d4 cxd4 10.Nxd4 Nxd4 11.Qxd4 O-O 12.b3 Qc7 13.Bb2 a6 14.Rac1 Rab8 15.h3 Ba8
16.Re2 Qb7 17.a4 Qc8 18.Rd1  1/2-1/2

[Event "Elista ol (Men)"]
[Site "Elista"]
[Date "1998.10.03"]
[Round "5"]
[White "Villamayor, Bong"]
[Black "Ekstroem, Roland"]
[Result "1/2-1/2"]
[WhiteElo "2280"]
[BlackElo "2510"]

1.Nf3 c5 2.c4 Nf6 3.Nc3 e6 4.g3 b6 5.Bg2 Bb7 6.O-O Be7 7.d4 cxd4 8.Qxd4 d6
9.Rd1 a6 10.b3 Nbd7 11.e4 Qc8 12.Bb2 O-O 13.Rac1 Re8 14.h3 Bf8 15.Qe3 Qc7
16.g4 Rad8 17.Nd4 Ne5 18.Nde2 Ba8 19.Ng3 Qb8 20.g5 Nfd7 21.Qe2 Ng6 22.Nh5 Bc6
23.Qg4 b5 24.cxb5 axb5 25.Ne2 Ba8 26.h4 d5 27.exd5 Bxd5 28.Bxd5 exd5 29.Nhg3 Nde5
30.Bxe5 Nxe5 31.Qf4 Bd6 32.Nf5 Ng6 33.Qf3 Bf8 34.Ned4 Qb6 35.h5 Ne5 36.Qf4 b4
37.Rc2 f6 38.Kg2 fxg5  1/2-1/2

[Event "Budapest FS10 IM-B"]
[Site "Budapest"]
[Date "1998.10.04"]
[Round "2"]
[White "Fang, Joseph"]
[Black "Papp, Gellert"]
[Result "1-0"]
[WhiteElo "2315"]
[BlackElo "2205"]

1.Nf3 c5 2.c4 Nf6 3.Nc3 g6 4.d4 Bg7 5.dxc5 Qa5 6.Nd2 Qxc5 7.e4 d6 8.Be2 O-O
9.O-O Nbd7 10.Nb3 Qc7 11.Be3 b6 12.f3 Bb7 13.Qd2 Rfe8 14.Rfc1 Nc5 15.Nd4 Rad8
16.b4 Ncd7 17.a4 Ne5 18.a5 bxa5 19.Rxa5 a6 20.Qa2 e6 21.Qa3 Qb8 22.c5 d5
23.exd5 exd5 24.Bf2 Nc4 25.Bxc4 dxc4 26.c6 Bc8 27.Rc5 Rxd4 28.c7 Qb6 29.Bxd4 Qd6
30.Bf2 Qf4 31.Rd1 Nd7 32.Nd5 Qg5 33.Rxc4 Ne5 34.Rcc1 Bh3 35.Bg3 Bc8 36.f4 Qg4
37.fxe5 Bxe5 38.Bxe5  1-0

[Event "Budapest FS10 IM-B"]
[Site "Budapest"]
[Date "1998.10.06"]
[Round "4"]
[White "Fang, Joseph"]
[Black "Hadjikostis, N."]
[Result "1-0"]
[WhiteElo "2315"]
[BlackElo "2145"]

1.Nf3 Nf6 2.c4 e6 3.Nc3 c5 4.g3 b6 5.Bg2 Bb7 6.O-O Be7 7.Re1 O-O 8.e4 d6
9.d4 cxd4 10.Nxd4 Qc8 11.Be3 Rd8 12.Rc1 Nc6 13.Nd5 Qd7 14.Nxe7+ Qxe7 15.Nb5 h6
16.f4 Rd7 17.Qe2 Rad8 18.Bf2 Ba8 19.b3 Rb8 20.Bf3 Kh8 21.Qb2 Ne8 22.Rcd1 Rbd8
23.Kg2 Nc7 24.Nc3 Qf6 25.Qd2 Qe7 26.h4 Qf8 27.Qb2 Ne8 28.Rd2 Kg8 29.Red1 Qe7
30.Nb5 Nc7 31.Nc3 Ne8 32.Qa3 Kf8 33.Be3 Nc7 34.Qb2 Kg8 35.Bf2 Nb8 36.Re2 Nc6
37.g4 f6 38.Bg3 e5 39.Nd5 Qf7 40.f5 Nxd5 41.exd5 Ne7 42.Red2 Rc7 43.a4 Rb8
44.Qa3 Nc8 45.Bf2 Qd7 46.Qb4 Rcb7 47.Rc2 Ne7 48.Qd2 Rc8 49.Rdc1 Rbc7 50.Be4 Kf7
51.Be3 Rh8 52.Kg3 Rhc8 53.Qf2 Ng8 54.Qf3 Kf8 55.Kh2 Qe8 56.Rg2 Rf7 57.Rcg1 Rcc7
58.Rg3 Ke7 59.R1g2 Kd8 60.Qf2 Kc8 61.Qg1 Qd7 62.Ra2 Kb8 63.Qf1 Ne7 64.Rf3 Rf8
65.Qd3 Rfc8 66.Rf1 Bb7 67.Rfa1 Ba8 68.Rd2 Bb7 69.a5 b5 70.c5 a6 71.c6 Nxc6
72.dxc6 Bxc6 73.Bb6 Rb7 74.Rad1 Qe7 75.Bxc6 Rxc6 76.Qe4 Qd7 77.Qb4 Qe7 78.Rxd6 Rd7
79.Bc5 e4 80.Qd4 Rdc7 81.Rxc6  1-0

[Event "Elista ol (Men)"]
[Site "Elista"]
[Date "1998.10.06"]
[Round "8"]
[White "Rodgaard, John"]
[Black "Akintola, Fola"]
[Result "1-0"]
[WhiteElo "2320"]
[BlackElo "2265"]

1.c4 c5 2.Nf3 Nf6 3.Nc3 e6 4.g3 b6 5.Bg2 Bb7 6.O-O Be7 7.d4 cxd4 8.Qxd4 d6
9.Rd1 Nbd7 10.Nb5 d5 11.Bf4 O-O 12.Bc7 Qc8 13.Bd6 Qd8 14.cxd5 Bxd5 15.Bxe7 Qxe7
16.Nc7 Rac8 17.Nxd5 Nxd5 18.Rac1 Rfd8 19.h4 h6 20.Bf1 Nc5 21.Ne5 Qe8 22.Bg2 Na4
23.Rxc8 Rxc8 24.Bxd5 exd5 25.Rd2 b5 26.Nd3 Nb6 27.b3 g6 28.Kg2 Rc7 29.Nf4 Rd7
30.Rd3 Qd8 31.Rc3 Re7 32.Rc5 Re4 33.Qd3 Qe7 34.Rxb5 d4 35.a4 Qb7 36.f3 Re3
37.Qxd4 Qe7 38.Kf2 Re6 39.Nxe6 Qxe6 40.Re5 Qc6 41.a5  1-0

[Event "Budapest FS10 GM"]
[Site "Budapest"]
[Date "1998.10.10"]
[Round "8"]
[White "Grinshpun, Eduard"]
[Black "Hoffmann, Michael"]
[Result "1/2-1/2"]
[WhiteElo "2365"]
[BlackElo "2440"]

1.Nf3 c5 2.c4 Nf6 3.Nc3 e6 4.g3 b6 5.Bg2 Bb7 6.O-O d6 7.d4 cxd4 8.Qxd4 a6
9.Be3 Nbd7 10.Ng5 Bxg2 11.Kxg2 Be7 12.Nge4 Qc7 13.Rfd1 O-O 14.Rac1  1/2-1/2

[Event "Elista ol (Men)"]
[Site "Elista"]
[Date "1998.10.10"]
[Round "11"]
[White "Beliavsky, Alexander G"]
[Black "Mannion, Stephen R"]
[Result "1-0"]
[WhiteElo "2645"]
[BlackElo "2370"]

1.Nf3 Nf6 2.c4 c5 3.Nc3 b6 4.d4 cxd4 5.Nxd4 Bb7 6.f3 d6 7.e4 e6 8.Be2 Be7
9.O-O a6 10.Be3 Nbd7 11.Qd2 Rc8 12.Rac1 O-O 13.Rfd1 Qc7 14.Bf1 Qb8 15.a3 Ne5
16.Na4 Nfd7 17.b4 Rfd8 18.Qf2 Ba8 19.Kh1 Bf6 20.Nb3 Rc6 21.Nb2 Be7 22.Rc2 Bb7
23.h3 Ng6 24.Rcd2 Ba8 25.Qg1 Bf8 26.Bf2 Be7 27.Bg3 e5 28.Bf2 Bg5 29.Be3 Be7
30.Na4 Rdc8 31.b5 Rxc4 32.Bxc4 Rxc4 33.Nxb6 Nxb6 34.Bxb6 axb5 35.Ba5 f5 36.Bb4 fxe4
37.Bxd6 Bxd6 38.Rxd6 Rc8 39.fxe4 Bxe4 40.Nc5 Ba8 41.Ne6 Nf4 42.Nxf4 exf4
43.Qd4 f3 44.Rd8+ Rxd8 45.Qxd8+ Qxd8 46.Rxd8+ Kf7 47.Kg1 Bc6 48.Rd6 Be4 49.Rb6 fxg2
50.Rxb5 Ke6 51.a4 Kd6 52.a5 Kc6 53.Rb3 Bd5 54.Rb2 Kc7 55.h4 g6 56.a6 Ba8
57.a7 Bb7 58.Rb1 h6 59.Rb2 Kc6 60.Kxg2 Kc7+ 61.Kf2 Kc6 62.Ke3 Kc7 63.Rb1 Kc6
64.Ke4 Kc7+  1-0

[Event "Elista ol (Men)"]
[Site "Elista"]
[Date "1998.10.10"]
[Round "11"]
[White "Nilssen, John Arni"]
[Black "Malisauskas, Vidmantas"]
[Result "0-1"]
[WhiteElo "2305"]
[BlackElo "2515"]

1.Nf3 Nf6 2.c4 g6 3.Nc3 c5 4.g3 b6 5.Bg2 Bb7 6.O-O Bg7 7.Re1 d5 8.cxd5 Nxd5
9.Nxd5 Qxd5 10.Qa4+ Qd7 11.Qh4 Nc6 12.d3 Nd4 13.Nxd4 Bxg2 14.Kxg2 Bxd4 15.Qe4 O-O
16.Bh6 Rfe8 17.Rab1 Rac8 18.b4 cxb4 19.Bd2 a5 20.Rec1 h5 21.e3 Bf6  0-1